000 01429nam a2200313 i 4500
001 768714001
003 CO-MdFUSB
005 20220323123707.0
008 220211b ag ||||g |||| 00| 0 spa d
020 _a9879942744
040 _aCO-MdFUSB
_bspa
_cCO-MdFUSB
_dCO-MdFUSBC
_erda
041 _aspa
_heng
082 _223
_a248.32
_bN372
100 _aNee, Watchman.
_d1903–1972
_eautor
240 _aThe prayer : Ministry of the church
245 1 3 _aLa oración :
_bel ministerio de la iglesia
_c/ Watchman Nee
264 1 _aBuenos aires, Argentina :
_bEditorial Peniel,
_c[1973]
264 4 _c©1973
300 _a122 páginas
_c; 21 cm
336 _2rdacontent
_atexto
_btxt
337 _2rdamedia
_asin mediación
_bn
338 _2rdacarrier
_avolumen
_bnc
505 _aLa oración: el ministerio de la iglesia. -- Cómo debemos orar. -- En el nombre del señor Jesús la confianza de Dios. -- La oración de autoridad. -- Velad y orad.
520 1 _aWatchman Nee enfoca ese tema tan interesante e inagotable desde un ángulo diferente. "Hay personas que deben servir al Señor, sin embargo están atadas, por la ocupación, por los negocios, por la familia o por alguna circunstancia externa. Pueden estar atados por toda clase de cadenas. Pero podemos pedir al señor que los libere para que sean testigos de El"
563 _aRústica.
650 7 _986
_aOración
942 _cBK
945 _aDani
999 _c67151
_d67151